| 000 | 00295 a2200097 4500 | ||
|---|---|---|---|
| 082 | _a624.1762 SEI | ||
| 100 | _aAISC | ||
| 245 |
_aSeismic Provision for Structural Buildings/ _cAISC |
||
| 260 |
_aUSA : _bAmerican Institute of steel Construction, _c2001 |
||
| 300 |
_avarious Pages _bill. ; _c21 cm |
||
| 650 | _aStructural Buildings | ||
| 999 |
_c1316 _d1316 |
||